000 00535nam a2200217Ia 4500
003 OSt
005 20220928142352.0
006 a|||||r|||| 00| 0
007 ta
008 220927b |||||||| |||| 00| 0 eng d
024 _a19341
037 _cTextual
040 _aSDCL
_cSDCL
_beng
041 _2eng
_aeng
082 _aP152v216,L, 152J2
100 _aSaxena BabuRam
245 0 _aDakkhinee Hindi.
260 _c1952
942 _hP152v216,L, 152J2
_cTEXL
_2CC
999 _c821534
_d821534